| 000 | 00898nam a2200241 a 4500 | ||
|---|---|---|---|
| 001 | 000046913 | ||
| 005 | 20201002053215.0 | ||
| 008 | 180406s2015 dr a r 000 0 spa d | ||
| 020 | _a9789945175134 | ||
| 040 |
_aDO-SdBNP _bspa _cBNPHU |
||
| 082 |
_axxxx _bxxxx |
||
| 245 | 0 | 0 |
_aLengua española 3 : _blibro de texto, primaria 3 / _cedición Elías Herrera Jerez ; ilustraciones Edmundo Castillo, Osvaldo Torres Ruiz. |
| 260 |
_aSanto Domingo : _bSM, _c2015. |
||
| 300 |
_a2v. : _bil. ; _c28 cm. + _eCD-ROM |
||
| 490 | 1 | _aProyecto Conecta | |
| 500 | _aLa biblioteca posee libro texto y cuaderno de estrategias | ||
| 505 | 0 |
_gv.1. _tLibro texto-- _gv.2. _tCuadernos de estrategia. |
|
| 590 | _aInventariado, 2018/BT | ||
| 700 | 1 | 2 |
_aHerrera Jerez, Elías, _eed. _916086 |
| 700 | 1 | 2 |
_aCastillo, Edmundo, _eil. _923173 |
| 700 | 1 | 2 |
_aTorres Ruiz, Osvaldo, _eil. _974843 |
| 830 | 0 |
_aProyecto Conecta _974836 |
|
| 999 |
_c46401 _d46401 |
||